[Event "Norway Chess Armageddon 7th"]
[Site "Stavanger"]
[Date "2019.06.05"]
[Round "2"]
[White "Aronian, Levon"]
[Black "Carlsen, Magnus"]
[Result "0-1"]
[WhiteElo "2752"]
[BlackElo "2875"]
[Annotator "Nielsen,Peter Heine"]
[PlyCount "86"]
[EventDate "2019.06.04"]
[EventType "tourn (blitz)"]
[EventRounds "9"]
[EventCountry "NOR"]
[EventCategory "22"]
[SourceTitle "CBM 191"]
[Source "ChessBase"]
[SourceDate "2019.08.31"]
[SourceVersion "1"]
[SourceVersionDate "2019.08.31"]
[SourceQuality "1"]

{Armageddon was an interesting experiment, posing lots of challenges to the
players. Less than 30 minutes after often, like in this example, a gruelling
classical game with emotional ups and downs, the players have to re-adjust and
get ready for completely new circumstances.The slow pace of the previous game
is changed to a much faster format, the scoring of the game has changed in the
sense that only 2 results are possible, White winning the game, or Black
taking the full point with either a draw or a win, and as well the colors are
not reversed meaning often a repetition of the opening duel from the classical
might be repeated with the players either haven gotten a few pointers from
their on-site or online seconds, or rush to their rooms to briefly check it
wth their engines. Considerig the players also have basic human needs, like
getting something to eat in the brief break between games, despite the focus
on the Armageddon blunders, one can only be impressed with the level of play
in general, and this game specifically.} 1. e4 $5 {Aronian has been known as a
1 d4/c4/Nf3 player, but has recently managed to add 1 e4 succesfully to his
repertoire.} c5 2. Nf3 Nc6 3. Bb5 {Caruana's choice in the first 3 white games
in the WCh match. As Black did well against it in the match, the pendulum
swung to 3 d4. but now in Norway Chess both Aronian and later Caruana managed
to pose Magnus opening problems.} g6 4. Bxc6 dxc6 5. d3 Bg7 $5 {By far the
main move.} ({But in the classical game Magnus had experimented with the much
rarer} 5... Qc7 $5 6. O-O e5 {The point of omitting 5...Bg7 is exactly that
Blacks bishop thus keeps a choice, and, like in the game, gives Black the
flexibility of using it on the f8-a3 diagonal. But Aronian manages to put his
finger at a sore spot:} 7. Be3 Nf6 8. Qe1 Bg4 9. Nbd2 Nh5 10. a3 Be7 {Around
here Magnus went to the confession booth, saying he quite liked his position,
as it wasn't really clear what White could do next?} 11. Qb1 $1 {However,
convincingly answered that question. The problem with the bishop not being on
g7 is highlighted after} a5 12. b4 $1 axb4 ({even worse,} 12... cxb4 13. axb4
Bxb4 $2 14. Qxb4 $1 axb4 15. Rxa8+ {wins also the rook on h8 again due to the
bishop missing on g7.}) 13. axb4 Rxa1 {when} 14. Qxa1 {now attacks the e5 pawn.
}) 6. h3 e5 7. O-O Qc7 $5 {Different timing, but the same idea. Black wants to
protect the e5-pawn, giving himself the option of putting the knight on f6.
Aronian had to battle it twice, but seemed to like it so much that he actually
tried it out with colors reversed against Caruana!} 8. Be3 ({Not only having 2
hours for the whole game, unlike Aronian's 10 minutes, Caruana in round 9 came
up with} 8. a3 $5 {against Magnus. It seems innocent, but after} Nf6 9. Be3 c4
10. Nc3 cxd3 11. Qxd3 O-O 12. Rfd1 Re8 13. Bc5 Bf8 14. Bxf8 Kxf8 15. Rd2 {
Caruana did pose some opening problems.}) 8... b6 9. Nbd2 Ne7 $1 {This might
seem illogical, but as White has set himself up for attacking the e5-pawn
after a black ...Nf6 with Nc4, Magnus switches plans, aiming for an attack
with ...f5, as Whites misplaced bishop on e3 will win him some time based on
the ...f4 threat.} 10. a3 O-O 11. b4 cxb4 12. axb4 f5 13. Nc4 Be6 14. Ng5 Bd7
15. Qe2 $6 {My main point is that this game generally very much have the
quality of a classical game, but this move might still illustrate some
difference. While looking logical, it serves no specific purpose and plays
into Black's hands.} ({Given more time Aronian would likely have played} 15.
Ra3 $1 {when Qa1 next both puts pressure on e5, as well along the a-line. And
if} h6 16. Nf3 f4 17. Bd2 g5 18. Bc3 Ng6 {then} 19. d4 {has quite more force
than in the game.}) 15... h6 16. Nf3 f4 17. Bd2 g5 18. Bc3 Ng6 19. d4 {The
passive 19.Nh2 was to be considered, but Aronian logically plays in the centre
to counter Black's attack on the flank.} exd4 20. Bxd4 g4 $1 {In an ideal
world Black would like ...h5 and ...g4, but in a sharp battle very every tempo
counts, one cannot care about trifles such as pawn structure, so the World
Champion hurries to create some threats.} 21. hxg4 Bxg4 22. c3 $6 {Like in
move 15 a logical move, covering the d4 bishop.} ({However,} 22. Ncd2 $1 {
while looking like a retreat, protects the colleague on f3 and meets} Bxd4 {
with} 23. Qc4+ $1) 22... c5 23. bxc5 bxc5 24. Bxg7 Qxg7 25. Nd6 {The point of
White's play is that 25...Nh4? now is met by 26.Qc4+, and after} Kh8 $1 26. Nf5
$5 {This pawn sacrifice seem to deflect Black's attention from the kingside
just in time, as after 26...Bxf5 27 exf5 Rxf5 Black's threats have dissapeared
and e.g. 28 Qd3 gives full compensation.} Rxf5 $1 {This, however, is a cold
awakening. Black now keeps the bishop on g4 instead of the rook on f8, which
means imminent threats to the white king, with 28...Bxf3 as the obvious, but
hard to prevent threat.} 27. exf5 Nh4 28. f6 $1 {Objectively the best move, but
} (28. Rxa7 $5 {deserves to be mentioned, as} Bxf3 $1 29. Rxa8+ Kh7 {while
looking crushing, actually allows the funny} 30. Ra7 $1 {when White very much
stays in the game, even if Black is better after} Qxa7 31. Qd3 $5 (31. gxf3 $2
Qg7+ {mates.})) 28... Qxf6 29. Ra6 $6 {Black again threatens ...Bxf3 followed
by mating in the g-line, and Aronian tries to maximise his counterplay as
quickly as possible.} ({Objectively better, however, was} 29. Rfe1 $1 Bxf3 30.
Ra6 $3 {Now easiest is} Bxe2 (30... Qg7) ({or} 30... Qg5 31. Qe5+ {keeps White
very much in the game.}) 31. Rxf6 Kg7 32. Rxf4 Ng6 33. Rf5 Bd3 34. Rxc5 a5 {
when stopping Black's passed pawn will take so much effort that White has no
realistic hopes of winning - asking the question of is it even relevant to
discuss lines where White saves a draw in an Armageddon game!?}) 29... Qg7 30.
Rxh6+ Qxh6 31. Qe5+ Qg7 32. Qxg7+ $6 ({Much better was} 32. Nxh4 {as after}
Qxe5 33. Ng6+ Kg7 34. Nxe5 {unlike in the game, White's knight will not get
into trouble, but nevertheless Black easily will get the desired draw anyway.})
32... Kxg7 33. Nxh4 a5 $1 34. Ra1 a4 35. Ra3 Kf6 36. Kf1 ({The computer says
that White's best chance by far is} 36. Nf3 {, but that's a chance to make a
worthless draw as after} Bxf3 37. gxf3 {obviously Whites winning chances are
zero. Aronian does what one has to do, but so does Magnus.}) 36... Ke5 37. Ke1
Kd5 38. f3 Bh5 39. Kd2 Be8 40. Kc1 Kc4 41. Nf5 Ra6 42. Ng7 Bg6 43. Kd2 Kd5 {
The confusion he tried to create only got his knight trapped, and White
resigned.  The question is to what standard we should just evaluate such
games? That it was great television Norwegian TV2 had no doubts about during
their national broadcast.} 0-1

[Event "Croatia GCT"]
[Site "Zagreb"]
[Date "2019.06.27"]
[Round "2"]
[White "Carlsen, Magnus"]
[Black "Anand, Viswanathan"]
[Result "1/2-1/2"]
[WhiteElo "2875"]
[BlackElo "2767"]
[Annotator "Pelletier,Y"]
[PlyCount "155"]
[EventDate "2019.06.26"]
[EventType "tourn"]
[EventRounds "11"]
[EventCountry "CRO"]
[EventCategory "22"]
[SourceTitle "CBM 191"]
[Source "ChessBase"]
[SourceDate "2019.08.31"]
[SourceVersion "1"]
[SourceVersionDate "2019.08.31"]
[SourceQuality "1"]

1. d4 Nf6 2. c4 e6 3. Nf3 d5 4. Nc3 dxc4 {Magnus Carlsen has had to face the
Vienna Variation of the Queen's Gambit several times in 2019. In each game he
came up with a different poisonous idea, which he had probably all prepared
for his World Championship match against Fabiano Caruana.} 5. e4 Bb4 6. Bg5 ({
In Wijk aan Zee, he tried the dangerous pawn sacrifice} 6. Bxc4) 6... c5 7.
Bxc4 cxd4 8. Nxd4 Bxc3+ 9. bxc3 Qa5 10. Bb5+ ({Some months later against Levon
Aronian, he came up with the "hit and run" novelty} 10. Bd2) ({Finally, a few
weeks before the present game, Carlsen tried} 10. Nb5 Nxe4 11. Qd4 {against
the same opponent, and tortured him for quite a long time.}) 10... Bd7 ({
Who would like to test the World Champion in the main line} 10... Nbd7 {?}) 11.
Bxf6 gxf6 12. Bxd7+ Nxd7 13. O-O Qxc3 ({This has been tried a few times by
Alexander Morozevich and Radoslaw Wojtaszek in the past, and more recently by
Wei Yi and Alexander Bluebaum. The main move} 13... a6 14. Rb1 {is considered
holdable for Black, though not without considerable suffering.}) 14. Qa4 O-O
15. Nxe6 (15. Qxd7 $6 Rad8 16. Qxb7 Qxd4 $11 {let Black equalize too easily in
Leitao-Morozevich, World Teams Championship Bursa 2010}) 15... Nb6 16. Qd4 Rfc8
(16... Qxd4 17. Nxd4 $14 {Antic-Zontakh, Jagodina 1998}) 17. Qxc3 Rxc3 {
My own preparation simply ended on an equal sign here. However correct this
assessment may objectively be, Magnus Carlsen understands that Black will have
to solve practical problems. Indeed, in endgames with rook(s) and knight,
activity and king safety are important factors.} 18. Nf4 (18. Nd4 Rc4 19. Rfd1
Na4 $1 $11 {Gajewski,G (2616)-Wojtaszek,R (2706) Warsaw 2012}) 18... Rc5 19.
Rfd1 ({Black held the balance after} 19. g4 Kf8 20. Nh5 Ke7 21. Ng3 Rd8 22.
Rfc1 Na4 23. Rd1 Nc3 $11 {Ponomariov,R (2758)-Morozevich,A (2737) Saratov 2011}
) 19... f5 20. exf5 Rac8 ({I do not quite get Anand's logic behind delaying
the capture on f5, as he actually slightly worsens his position compared with
the line} 20... Rxf5 21. g3 (21. Rd4 Rc8) 21... Rc8 22. Rd3 Rc2 23. Ra3 a6 $11)
21. f6 $1 Rf5 22. g3 Rxf6 23. Rd3 {Now the difference is clear: the Rc8 cannot
leave the back rank because of Rd8+ and Nh5+. This nuance allows White to grab
the initiative.} Rfc6 24. Ra3 Rc1+ 25. Rxc1 Rxc1+ 26. Kg2 Nc8 ({After} 26... a6
27. Rb3 Rc6 28. Kf3 $14 {, both black pieces have difficulties to move.}) 27.
Rd3 Rc7 28. Rd8+ Kg7 29. h4 Ne7 30. Nh5+ Kh6 $6 ({It is understandable that
Vishy Anand rejected} 30... Kg6 {because of the dangerous line} 31. g4 f5 32.
Nf4+ (32. Rd6+ Kf7 33. gxf5 Rc5 34. Rf6+ Kg8 35. Ng3 Ra5 $11) 32... Kf7 33. Rh8
fxg4 (33... Kg7 34. Rb8 Kf7 35. g5 $14) 34. Rxh7+ Kg8 35. Rh5 {. But Black
should actually be able to hold after} Rc2 36. Ra5 b6 37. Rxa7 Nf5 $13 {
The game continuation is definitely more unpleasant for him.}) 31. Nf6 Kg6 $6 (
{Anand starts drifting and the position gets from unpleasant to worse.
Obviously, no one will teach him that activity is paramount in endings. There
must be something he did not like in the line} 31... Rc2 32. Rd7 Nf5 33. Ne4
Kg7 {, for instance} 34. Kf3 Rxa2 35. Kf4 Ra5 36. h5 {, but he should
certainly have preferred this over the game continuation.}) 32. Ne8 Rc6 33. Rd7
Re6 (33... Nc8 34. f4 $16) 34. h5+ $1 ({Remember what I wrote about activity?} 
34. Rxb7 Nc8 35. Nc7 Re7 {paralyzes both white pieces. White can still try to
disentangle with} 36. g4 {, but after} h5 $1 {, things are anything but clear.}
) 34... Kh6 35. Nd6 f5 (35... Kxh5 36. Nxf7 $16) 36. Nxb7 (36. Rxe7 $2 Rxd6 37.
Rxb7 Ra6 $11) 36... Ng8 37. Nd6 Nf6 38. Nxf5+ Kg5 39. Nd4 (39. Ng7 Ra6 {
is less convincing}) 39... Nxd7 ({It is always difficult to choose between
variations which all lead to a worse position. Anand decides to exchange rooks
right away in order to reduce his opponent's activity. The alternative} 39...
Ra6 40. f4+ $1 Kxh5 41. Rg7 Rxa2+ 42. Kh3 Ra5 43. Nc6 Kh6 44. Rxh7+ Kxh7 45.
Nxa5 {would lead to another knight ending where White is a clear pawn up.
Assessing over the board whether it is winning is very difficult. I believe
that Anand's feeling was right, and that the game continuation offers better
practical chances.}) 40. Nxe6+ Kxh5 41. Kf3 Kg6 42. Kf4 $6 (42. Ke4 Kf6 43. Nd8
h5 44. Nc6 a6 45. Kd5 Kf5 46. f3 {was perhaps more unpleasant for Black, as
his king is restricted.}) 42... Kf6 43. Ng5 h6 44. Ne4+ Ke6 45. Kg4 Ke5 46. f3
Kd4 $1 {This surprising idea might have been underestimated by Carlsen when he
chose his 42nd move.} 47. Kf5 (47. Kf4 a5 $1 48. g4 Ne5 $132) 47... Ke3 $1 48.
f4 h5 49. Ng5 (49. Nf6 $2 Nxf6 50. Kxf6 Kf3 51. Kg5 Kxg3 52. f5 h4 53. f6 h3
54. f7 h2 55. f8=Q h1=Q $11) 49... Nc5 (49... Kf2 50. g4 hxg4 51. Kxg4 Ke3 {
is a draw as well.}) 50. Kg6 Kf2 51. f5 Kxg3 52. Ne6 $5 (52. Kxh5 Kf4 53. Kg6
Nd7 $11) 52... Nd7 53. Kxh5 Kf3 54. Kg5 Ke4 55. Nc7 a5 56. Nb5 Kd3 57. Kg6 a4
58. Kf7 Ne5+ 59. Kf6 Nf3 60. Ke7 Kc2 61. f6 Ng5 (61... Kb2 62. a3 Ng5 $11 {
would have been possible as well}) 62. Nd4+ {My engine now proudly shows an
evaluation of around +8 ... Evidently a case for programmers to work on! The
position is still a draw.} Kb2 63. Ne6 Nh7 64. f7 Kxa2 65. Ng5 a3 66. Nxh7 Kb1
67. f8=Q a2 {Well done, Vishy! The white knight is so far away that this
endgame can be evaluated exactly as a queen ending.} 68. Qf5+ Kb2 69. Qe5+ Kb1
70. Qe4+ Kb2 71. Qe2+ Kb1 72. Nf6 a1=Q 73. Nd5 Qg7+ 74. Kd6 Qf8+ 75. Ke5 Qe8+
76. Kd4 Qxe2 77. Nc3+ Ka1 78. Nxe2 {A formidable battle, where Magnus Carlsen
was close to inflicting yet another endgame defeat to Vishy Anand. But this
time, the Indian managed to hold a draw. With hindsight, it is hard to point
out a moment where White missed a win. Perhaps the alternative on move 42
would have been more difficult to deal with for Black.} 1/2-1/2